• 首页
  • 本馆介绍
  • 公告通知
  • 最新文献
  • 馆藏检索
  • 电子资源
  • 读者导购
  • 参考咨询
  • 我的图书馆
  • 登录
  • 详细信息显示
  • 放入我的书架
  • 预约/预借图书
  • 作者相关作品
  • 分类相关作品
  • 丛书相关作品
  • 出版社相关作品

书目信息

  • 表格格式
  • 工作单格式
  • 卡片格式
题名:
中国地下社会
    
 
作者: 秦宝琦 著
分册: 第一卷   清前期秘密社会卷
出版信息: 北京   学苑出版社  2004.04
页数: 781页
开本: 20cm
丛书名:
单 册:
中图分类: D691.98
科图分类:
主题词: 帮会--中国--清代
电子资源:
ISBN: 7-5077-0377-0
000 00923nam0 2200265 45
001 0195005935
005 20061229095635.40
010    @a7-5077-0377-0@dCNY40.00
100    @a19950127d2004 y0chiy0121 ea
101 0  @achi
102    @aCN@b110000
102    @aCN@b110000
105    @ay z 000yd
200 10 @a中国地下社会@AZHONG GUO DI XIA SHE HUI@h第一卷@i清前期秘密社会卷@IQING QIAN QI MI MI SHE HUI JUAN@f秦宝琦著@FQIN BAO QI ZHU
210    @a北京@c学苑出版社@d2004.04
215    @a781页@d20cm
300    @a此项研究受国家社会科学基金资助
304    @a秦宝琦(1936- ),辽宁新民人,中国人民大学清史研究所教授,中国会党史研究会副会长等
330    @a本卷讲述清代前期(1644-1840)的秘密教门与秘密会党。
540 1  @a清前期秘密社会@Aqing qian qi mi mi she hui
606    @a帮会@y中国@z清代
690    @aD691.98@v4版
701  0 @a秦宝琦@AQIN BAO QI@4著
801  0 @aCN@bTSSF@c20061229
905    @a10447@dD691.98@e127:1=2
    
    中国地下社会.第一卷.清前期秘密社会卷/秦宝琦著.-北京:学苑出版社,2004.04
    781页;20cm
    此项研究受国家社会科学基金资助
    
    ISBN 7-5077-0377-0:CNY40.00
    本卷讲述清代前期(1644-1840)的秘密教门与秘密会党。
●
相关链接 在E读中查询图书 在五车中查询图书 在当当中查询图书 在豆瓣中查询图书


正题名:中国地下社会     索取号:D691.98/127:1=2         预约/预借

序号 登录号 条形码 馆藏地/架位号 状态 备注
1 0610189   206101895   第一样本阅览室/ [索取号:D691.98/127:1=2] 在馆    
2 0610191   206101911   第一借阅区/ [索取号:D691.98/127:1=2] 在馆    
3 0610192   206101920   第一借阅区/ [索取号:D691.98/127:1=2] 已借出,限还日期为2026.03.16
借出人:吴佳琳  
 
唐山师范学院图书馆 欢迎您!
大连网信软件有限公司© 版权所有